| 000 | 00731nam a22002177a 4500 | ||
|---|---|---|---|
| 003 | OSt | ||
| 005 | 20260126032608.0 | ||
| 008 | 260126b |||||||| |||| 00| 0 eng d | ||
| 020 | _a971-10-1004-6. | ||
| 040 |
_aDWC-Main lib. _cOC |
||
| 082 |
_2vol. 1 _aSC. 959.90215 A862 1998 |
||
| 100 | _aAtaviado, Elias S. | ||
| 245 |
_aThe Philippine revolution in the Bicol region, _bvolume 1 (from 1896 to January 1899)/ _cElias S. Ataviado |
||
| 260 |
_aQuezon City : _bNew Day Publishers, _cc1998. |
||
| 300 |
_axxii, 226 p. ; _c23 cm. |
||
| 504 | _aIncludes bibliographical references and index. | ||
| 650 | _a1. Bikol-History, 1896-1898. | ||
| 700 | _aAtaviado, Juan T. | ||
| 760 | _bvol. 1 | ||
| 942 |
_2ddc _cSC _evol. 1 _hSC. _n0 |
||
| 999 |
_c7780 _d7780 |
||